| 000 | 00728nam a22002537a 4500 | ||
|---|---|---|---|
| 999 |
_c109456 _d109456 |
||
| 005 | 20200129114338.0 | ||
| 010 | _a994461 | ||
| 020 | _c20.00 | ||
| 035 | _a994461 | ||
| 037 | _bCen Lib/Ret | ||
| 082 | _a840 | ||
| 100 | _aعبدالودود | ||
| 245 |
_aاردو نثر میں ادب لطیف / _cعبدالودود |
||
| 246 |
_aUrdu nasar main adab-e- lateef / _bby Abdulwadood |
||
| 260 |
_aلکھنوو _bنسیم بک ڈپو _c1980 ء |
||
| 270 |
_aلادوش روڈ _bلکھنوو |
||
| 300 |
_a472p. _c17cm(Hb) |
||
| 500 | _a | ||
| 650 | _aاردو ادب | ||
| 650 | _aاردو نثر | ||
| 650 | _aUrdu literature | ||
| 650 | _aUrdu poetry | ||
| 942 |
_2ddc _cUR _h840 _mع ب د |
||